000 00329nam a2200169Ia 4500
100 _aNeogy/Jayant
650 _aGeneral
942 _cBK
366 _f20
654 _aresume
245 _aWinning Resume
260 _bUnicorn Books
_c2008
082 _a375.0086
_bNEO
300 _a124
546 _aENGLISH
999 _c34540
_d34540